000 00726nam a2200241Ia 4500
003 OSt
005 20221005083509.0
006 a|||||r|||| 00| 0
007 ta
008 221004b |||||||| |||| 00| 0 eng d
024 _a121274
037 _bGift, 18/09/2012,
_cTextual
040 _aCRL
_cCRL
_beng
041 _2eng
_aeng
082 _aV2,4M85.M85<-N19, M5
100 _aGandhi Rajiv
_9402517
245 0 _aCentenary history of the indian national congress
_b 1885 - 1985
260 _aNew Delhi
_bVikas Publishing House India
_c1985
300 _a645p.
_ccm.
650 _aHISTORY
942 _hV2,4M85.M85<-N19, M5
_cTEXL
_2cc
999 _c991094
_d991094